| 000 | 00589nam a2200229Ia 4500 | ||
|---|---|---|---|
| 003 | OSt | ||
| 005 | 20220928104741.0 | ||
| 006 | a|||||r|||| 00| 0 | ||
| 007 | ta | ||
| 008 | 220927b |||||||| |||| 00| 0 eng d | ||
| 024 | _a61879 | ||
| 037 | _cTextual | ||
| 040 |
_aSDCL _cSDCL _beng |
||
| 041 |
_2eng _aeng |
||
| 082 | _aQ1, P6 | ||
| 100 |
_aShastri Sukhad _9411881 |
||
| 245 | 0 | _aVaidik shabdon ka arth-parisheelan | |
| 260 |
_aAgra _bBake Bihari Prakashan _c2006 |
||
| 300 |
_a303p _ccm. |
||
| 942 |
_hQ1, P6 _cTEXL _2CC |
||
| 999 |
_c727593 _d727593 |
||